Brand Management and Consumer Marketing/ (Record no. 211776)

MARC details
000 -LEADER
fixed length control field 00723nam a22002057a 4500
005 - DATE AND TIME OF LATEST TRANSACTION
control field 20250612153443.0
010 ## - LCCN (DPL NO)
LC control number ENG-145314
020 ## - INTERNATIONAL STANDARD BOOK NUMBER
International Standard Book Number 9789350300152
Terms of availability 1795.00
035 ## - SYSTEM CONTROL NUMBER
System control number EN-128846
037 ## - SOURCE OF ACQUISITION
Source of stock number/acquisition DBAD
082 ## - DEWEY DECIMAL CLASSIFICATION NUMBER
Classification number 658.8342
100 ## - MAIN ENTRY--PERSONAL NAME
Personal name Patel , Vinod N.
245 ## - TITLE STATEMENT
Title Brand Management and Consumer Marketing/
Statement of responsibility, etc Vinod N. Patel [and Sandeep Sharma
260 ## - PUBLICATION, DISTRIBUTION, ETC. (IMPRINT)
Place of publication, distribution, etc New Delhi
Name of publisher, distributor, etc Oxford Book Company
Date of publication, distribution, etc 2011
270 ## - ADDRESS
Address 102, 1st floor, Satyam house, 4327/3, Ansari Road daryaganj
City New Delhi
Postal code 110002
Telephone number 01143001483
Electronic mail address oxfordbook@sify.com
300 ## - PHYSICAL DESCRIPTION
Extent 323p.
Dimensions 25cm(Hbk)
Other physical details Index
500 ## - GENERAL NOTE
General note It includes index
700 ## - ADDED ENTRY--PERSONAL NAME
Personal name Sharma, Sandeep
Relator term Author
9 (RLIN) 81964
942 ## - ADDED ENTRY ELEMENTS (KOHA)
Source of classification or shelving scheme Dewey Decimal Classification
Item type English Books
Classification part 658.8342
Call number suffix PAT
Holdings
Withdrawn status Lost status Not for loan Collection code Home library Current library Date acquired Source of acquisition Cost, normal purchase price Full call number Barcode Copy number Cost, replacement price Koha item type
    Not For Loan Non-fiction Patel Nagar Patel Nagar 12/06/2025 Delivery of Books Act Division 1795.00 658.8342 PAT EN-128846 1 1795.00 English Books

© Delhi Public Library
Hit Counter
free hit counter